La discographie d'AaRON - Statistiques

Statistiques générales
  • Ce quiz a été pris 13 fois
  • Le résultat moyen est 4 sur 50
Statistiques - réponses
Réponse % Correct
U-Turn (Lili)
90%
We Cut The Night
40%
Birds In The Storm
30%
Blouson Noir
30%
Blow
20%
Le Tunnel d'Or
20%
Ludlow L
20%
2:22
10%
A Thousand Wars
10%
Beautiful Scar
10%
Endless Song
10%
Invisible Stains
10%
Les Rivières
10%
Maybe On The Moon
10%
Odysee
10%
Onassis
10%
Rayon Vert (avec Mylène Farmer) - 2022
10%
Rise
10%
Seeds Of Gold
10%
Shades Of Blue
10%
Strange Fruit
10%
The Flame
10%
The Flame (Piano Version)
10%
The Leftovers
10%
Waiting For The Wind To Come
10%
Angel Dust
0%
Apollo
0%
Arm Your Eyes
0%
Embers
0%
Fastlane
0%
H.K.
0%
Inner Streets
0%
Inner Streets (2nd Street)
0%
Keep Walking Love
0%
Last Night Thoughts
0%
Little Love
0%
Lost Highway
0%
Magnetic Road
0%
Minuit
0%
Mister K
0%
O-Song
0%
Passengers
0%
Reeds
0%
Ride On
0%
Sauvages
0%
Song For Ever
0%
The Lame Souls
0%
Tomorrow Morning
0%
Ultrarêve
0%
War Flag
0%
Aucun quiz correspondant
Distribution des résultats
% des personnes avec chaque résultat
Percentile par nombre de réponses
Votre historique - résultats
Vous n’avez pas pris ce quiz